00970 2200361 4500001002100000005001700021008004100038020002200079035002400101040001200125082001500137084001700152100002500169245007000194250001100264260003700275300003100312500001100343504002600354650001800380700001800398850001200416990001800428990001800446990001800464990001800482990001800500990001800518990001800536990001800554990001800572990001800590INLIS00000000002214320160824154245.0  a978-979-692-026-6 0010-081600000000500 aYOPDYOG 223a551.21 a551.21 Sar G aSARI PUSPARINI SOLEH aGunung meletusc/ Sari Pusparini Soleh; penyunting, Pipih Latifah aCet. 2 aBandungbRemaja Rosdakaryac2016 a52 hlm.b: ilus.c; 28 cm. aIndeks aBibliografi : hlm. 52 aGunung Berapi aPipih Latifah aYOPDYOG a13219-KS/B.16 a13220-KS/B.16 a13221-KS/B.16 a13222-KS/B.16 a13223-KS/B.16 a13224-KS/B.16 a13225-KS/B.16 a13226-KS/B.16 a13227-KS/B.16 a13228-KS/B.16